000 00944nam0a22002531 4500
001 rc\60522
005 20260406081158.0
010 _a5-87014-007-2
_9100000
035 _a(NLR Aleph) 005336458
090 _a6646956
_c6646956
100 _a20021216d1992 |||y0rusy50 ca
101 0 _arus
102 _aRU
105 _aa |||||||||
200 1 _aНегоже лилиям прясть
_aФранцузская волчица
_e[Романы]
_eИз сер. "Проклятые короли"
_fМорис Дрюон
_gПер. с фр. Н. Жарковой
_g[Ил. А.В. Фокеевой]
210 _aМ.
_cВиМо
_dБ. г. (1992)
215 _a576 с.
_cил.
_d21
225 1 _aИстория Европы в романах
_iXIV век
700 1 _8rus
_7ca
_aДрюон
_bМ.
_gМорис
_f1918-2009
_3RU\NLR\auth\7745460
_928398
801 0 _aRU
_bNLR
_gpsbo
801 1 _aRU
_bELAR
_2rusmarc
852 _aNLR
_j93-3/679
942 _cBOOK
980 _aNB